000 00348nam a2200145Ia 4500
008 191201s2004 xx 000 0 und d
082 _a660.6
_bKUT
100 _aKUMAR, H D
245 2 _aA Text Book on Biotechnology
250 _a2nd
260 _aN.Delhi
_bEast West Press Pvt Ltd
_c2004
300 _a639
650 _aApplied
942 _2ddc
_cBK
999 _c1376
_d1376